000
00298nam a2200145Ia 4500
100
_a
Pfleeger/Lawrence
250
_a
2
942
_c
BK
654
_a
software
245
_a
Software Engineering
260
_b
Pearson Education
_c
2001
082
_a
5.1
_b
PFL
300
_a
659
546
_a
ENGLISH
999
_c
30555
_d
30555